| 000 | 01179nam a2200229Ia 4500 | ||
|---|---|---|---|
| 999 |
_c39886 _d39886 |
||
| 001 | 6491 | ||
| 003 | GE_BSU | ||
| 005 | 20190626200427.0 | ||
| 008 | 181216s1978|||| |||||||||||||| ||geo|| | ||
| 041 | _ageo | ||
| 080 | _a621.313(03) ლ-81 | ||
| 100 |
_aლომინაძე, შ. _922 |
||
| 245 |
_aენერგეტიკული ორთქლგენერატორების თბური გაანგარიშება : საცნობარო მასალა / _cშ. ლომინაძე ; მ. ყიფშიძე ; თ. ჯიშკარიანი ; რედ : ე.კირვალიძე. |
||
| 264 |
_aთბილისი : _bსპი, _c1978. |
||
| 300 |
_a95 გვ.: _bილ. ცხრ. _c26 სმ. |
||
| 653 | _aენერგეტიკული ორთქლგენერატორების თბური გაანგარიშება | ||
| 653 | _aტექნიკა | ||
| 700 |
_aყიფშიძე, მ _92318 |
||
| 700 |
_aჯიშკარიანი, თ _91313 |
||
| 700 |
_aკირვალიძე, ე _eრედაქტორი _92973 |
||
| 942 |
_cBK _2udc |
||